|
|
|
|
| LEADER |
01583nam a2200289 i 4500 |
| 003 |
GR-PaULI |
| 005 |
20210117210754.0 |
| 008 |
181122r20062002gr ag||g |||| 00| 0 gre d |
| 952 |
|
|
|0 0
|1 0
|2 ddc
|3 τ.1
|4 0
|6 781_374000000000000_RIM
|7 0
|9 227794
|a THST
|b THST
|d 2018-11-22
|i 008958
|l 0
|o 781.374 RIM
|p 025000255642
|r 2018-11-22 00:00:00
|t 1
|v 2018.00
|w 2018-11-22
|y BK15
|
| 952 |
|
|
|0 0
|1 0
|2 ddc
|3 τ.2
|4 0
|6 781_374000000000000_RIM
|7 0
|9 227795
|a THST
|b THST
|d 2018-11-22
|i 008959
|l 0
|o 781.374 RIM
|p 025000255643
|r 2018-11-22 00:00:00
|t 1
|v 2018.00
|w 2018-11-22
|y BK15
|
| 999 |
|
|
|c 137427
|d 137427
|
| 020 |
|
|
|a 9607554272 (σετ)
|
| 020 |
|
|
|a 9607554280 (τ.1)
|
| 020 |
|
|
|a 9607554299 (τ.2)
|
| 040 |
|
|
|a GR-PaULI
|b gre
|c GR-PaULI
|e AACR2
|
| 041 |
1 |
|
|a gre
|h rus
|
| 082 |
0 |
4 |
|2 23
|a 781.374
|
| 100 |
1 |
|
|9 172374
|a Rimsky-Korsakov, Nikolay.
|e συγγραφέας
|
| 245 |
1 |
3 |
|a Οι βάσεις της ενορχήστρωσης :
|b με παραδείγματα από έργα του συνθέτη /
|c Νικολάϊ Α. Ριμσκι-Κορσακοφ ; επιμέλεια - μετάφραση Γιώργος Π. Πλουμπίδης.
|
| 250 |
|
|
|a 2η έκδοση
|
| 260 |
|
|
|a Αθήνα :
|b Παπαγρηγορίου - Νάκας,
|c 2006.
|
| 300 |
|
|
|a 2 τ. :
|b εικ., μουσ. :
|c 24 εκ.
|
| 505 |
0 |
|
|a τ.1. Κείμενα -- τ.2. Μουσικά παραδείγματα.
|
| 650 |
|
4 |
|9 172376
|a Ενοργάνωση και ενορχήστρωση.
|
| 700 |
1 |
4 |
|9 172377
|a Πλουμπίδης, Γιώργος Π.
|e επιμελητής-μεταφραστής
|
| 942 |
|
|
|2 ddc
|c BK15
|
| 998 |
|
|
|c ΜΑΝΙΑ
|d 2018-11
|